000 01010cam a2200241 4500
001 WS121979
008 030414n 000 0 eng u
035 _a(Sirsi) u121979
110 _aAppraisers Association of America
_94433
245 _aAppraisers Association of America
520 _aWeb site for this American organisation for professionals involved in the valuation of personal property including fine art, furniture, decorative arts and jewellery. Includes a searchable database of members, details of their appraisal standards and a guide to the elements which should be included in a correctly prepared appraisal.
650 _aORGANISATION
650 _aUNITED STATES
650 _aINTERNATIONAL
650 _aValuation
_96273
650 _aAPPRAISAL
650 _aFURNITURE
650 _aJEWELLERY
650 _aSTANDARDS
690 _aANTIQUES AND FINE ART
856 4 0 _uhttps://www.appraisersassoc.org/
_zView the website free of charge at www.appraisersassoc.org/...
942 _n0
999 _c120261
_d120261